Bases and Foundations of Buildings Under Reconstruction / (Record no. 2236)

000 -LEADER
fixed length control field 00346 a2200109 4500
020 ## - INTERNATIONAL STANDARD BOOK NUMBER
International Standard Book Number 8120412486
082 ## - DEWEY DECIMAL CLASSIFICATION NUMBER
Classification number 690.11 KON
100 ## - MAIN ENTRY--PERSONAL NAME
Personal name Konovalov, P. A.
245 ## - TITLE STATEMENT
Title Bases and Foundations of Buildings Under Reconstruction /
Statement of responsibility, etc. P. A. Konovalov
260 ## - PUBLICATION, DISTRIBUTION, ETC.
Place of publication, distribution, etc. New Delhi :
Name of publisher, distributor, etc. Oxford and IBH Publishing,
Date of publication, distribution, etc. 1998
300 ## - PHYSICAL DESCRIPTION
Extent 233p. :
Other physical details ill. ;
Dimensions 23 cm
650 ## - SUBJECT ADDED ENTRY--TOPICAL TERM
Topical term or geographic name entry element Buildings -- Foundations
Holdings
Withdrawn status Lost status Damaged status Not for loan Permanent Location Current Location Shelving location Date acquired Total Checkouts Full call number Barcode Date last seen Price effective from Koha item type
        School of Civil and Environmental Engineering (SCEE) School of Civil and Environmental Engineering (SCEE)       690.11 KON NIT-6644 01/05/2017 01/05/2017 Book
© 2023 Central Library, National University of Sciences and Technology. All Rights Reserved.